[Event "31è Open International d'Avoine 2016"]
[Site "Avoine"]
[Date "2016.07.23"]
[Round "5.40"]
[White "Djidjeli, Sofiane"]
[Black "Lebret, Jean-Michel"]
[Result "1-0"]
[WhiteElo "1930"]
[BlackElo "2110"]
[PlyCount "139"]
[EventDate "2016.??.??"]

1. e4 g6 2. d4 c6 3. Nc3 d5 4. e5 Bg7 5. f4 h5 6. Be2 Nh6 7. Nf3 Bg4 8. Be3 Nf5
9. Bf2 e6 10. Qd2 Nd7 11. O-O-O c5 12. dxc5 Bxf3 13. Bxf3 Nxe5 14. Rhe1 Nc4 15.
Qxd5 Qxd5 16. Bxd5 Na5 17. Bb3 Nxb3+ 18. axb3 Bxc3 19. bxc3 Ke7 20. Kb2 Rhd8
21. b4 Rd7 22. Rxd7+ Kxd7 23. Kb3 Kc6 24. Rd1 a6 25. c4 f6 26. b5+ axb5 27.
cxb5+ Kc7 28. Be1 e5 29. Bc3 exf4 30. Bxf6 Re8 31. Bg5 Re4 32. c3 Ng7 33. Rd4
Ne6 34. Rxe4 Nxc5+ 35. Kc4 Nxe4 36. Bxf4+ Kd7 37. Kd4 Nf6 38. h3 Ke6 39. c4 Kf5
40. Bc7 Ke6 41. c5 Kd7 42. Ke5 Nh7 43. Bb6 Ke7 44. c6 bxc6 45. bxc6 Ng5 46. c7
Nf7+ 47. Kd5 Kd7 48. c8=Q+ Kxc8 49. Ke6 Nh6 50. Kf6 Nf5 51. Bf2 Kd7 52. Kxg6
Ke6 53. Kxh5 Kf6 54. Bh4+ Kg7 55. g4 Nd4 56. Bg3 Nf3 57. h4 Kh7 58. g5 Nd4 59.
g6+ Kg8 60. Kg4 Ne6 61. h5 Kg7 62. Be5+ Kh6 63. Bf6 Nf8 64. g7 Nd7 65. Bb2 Kh7
66. Kg5 Nc5 67. Kf5 Nd3 68. Kf6 Kg8 69. h6 Nf4 70. h7+ 1-0

[Event "31è Open International d'Avoine 2016"]
[Site "Avoine"]
[Date "2016.07.23"]
[Round "5.41"]
[White "Goettelmann, Guillaume"]
[Black "Dupont, Arthur"]
[Result "0-1"]
[WhiteElo "2103"]
[BlackElo "1937"]
[PlyCount "86"]
[EventDate "2016.??.??"]

1. d4 d5 2. c4 e6 3. Nf3 c6 4. Qc2 Nf6 5. g3 Nbd7 6. Bg2 Bb4+ 7. Nbd2 Ne4 8.
O-O Nxd2 9. Bxd2 Bxd2 10. Nxd2 Nf6 11. Rad1 O-O 12. e4 dxe4 13. Nxe4 h6 14. b4
Nxe4 15. Bxe4 Qc7 16. Rfe1 b6 17. a4 Bb7 18. c5 Rfd8 19. Re3 Rd7 20. Rc3 Rad8
21. b5 Rxd4 22. Rxd4 Rxd4 23. cxb6 axb6 24. bxc6 Ba6 25. Bf3 Qe5 26. Re3 Qc5
27. Rc3 Rc4 28. Rxc4 Qxc4 29. Qd1 Qd3 30. Kg2 Qxd1 31. Bxd1 Kf8 32. Kf3 Ke7 33.
Ke4 Kd6 34. Bh5 f6 35. Be8 Bc4 36. Kd4 Bd5 37. c7 Kxc7 38. Bf7 Kd6 39. Be8 Bc6
40. Bxc6 Kxc6 41. f4 Kd6 42. Kc4 e5 43. fxe5+ fxe5 0-1

[Event "31è Open International d'Avoine 2016"]
[Site "Avoine"]
[Date "2016.07.23"]
[Round "5.42"]
[White "Dumitrache, Dragos-Nicolae"]
[Black "Algaba, Pedro"]
[Result "1-0"]
[WhiteElo "2416"]
[BlackElo "1923"]
[PlyCount "55"]
[EventDate "2016.??.??"]

1. d4 d5 2. c4 c6 3. Nf3 Nf6 4. e3 Bf5 5. Nc3 e6 6. Nh4 Bg4 7. Qb3 Qb6 8. h3
Bh5 9. g4 Bg6 10. Nxg6 hxg6 11. Bg2 Qxb3 12. axb3 Bb4 13. Bd2 Nbd7 14. Ke2 Ke7
15. g5 Ne8 16. Nxd5+ exd5 17. Bxb4+ Ke6 18. cxd5+ cxd5 19. Ra5 Nb6 20. e4 Nc7
21. h4 Rhd8 22. Rc1 Na6 23. Ba3 f6 24. Kd3 dxe4+ 25. Bxe4 Rd7 26. Bxg6 Rd5 27.
Re1+ Kd7 28. Re7+ 1-0

[Event "31è Open International d'Avoine 2016"]
[Site "Avoine"]
[Date "2016.07.23"]
[Round "5.43"]
[White "Mirimanian, Hayk"]
[Black "Saiah, Karim"]
[Result "1-0"]
[WhiteElo "2221"]
[BlackElo "1937"]
[PlyCount "101"]
[EventDate "2016.??.??"]

1. e4 e5 2. Nf3 Nc6 3. Bc4 Nf6 4. d3 Bc5 5. O-O d6 6. c3 Bg4 7. h3 Bh5 8. Re1
O-O 9. Nbd2 a6 10. Bb3 h6 11. Nf1 Nh7 12. Ng3 Bg6 13. h4 Nf6 14. Nh2 Qd7 15. h5
Bh7 16. Qf3 Qe7 17. Bd2 Rad8 18. Rad1 Kh8 19. Nhf1 Ng8 20. Ne3 Bxe3 21. Bxe3
Qh4 22. d4 Nf6 23. dxe5 Nxe5 24. Qf4 Neg4 25. Bd4 Nxh5 26. Nxh5 Qxh5 27. Rd3
Rde8 28. Rh3 Qg5 29. Qxg5 hxg5 30. f3 Ne5 31. Bxe5 Rxe5 32. Kf2 g4 33. Rh2 g3+
34. Kxg3 Rg5+ 35. Kf4 Rg6 36. Reh1 Rh6 37. Rxh6 gxh6 38. Rxh6 Kg7 39. Rh1 f5
40. Rxh7+ Kxh7 41. exf5 c6 42. Be6 a5 43. g4 Kh6 44. g5+ Kh5 45. f6 Kg6 46. Kg4
Rh8 47. f4 Rh1 48. f5+ Kh7 49. g6+ Kh6 50. f7 Rg1+ 51. Kh3 1-0

[Event "31è Open International d'Avoine 2016"]
[Site "Avoine"]
[Date "2016.07.23"]
[Round "5.44"]
[White "Viers, Matthieu"]
[Black "Mevel, Alberic"]
[Result "1-0"]
[WhiteElo "1915"]
[BlackElo "2206"]
[PlyCount "49"]
[EventDate "2016.??.??"]

1. e4 d5 2. exd5 Nf6 3. d4 Bg4 4. Bb5+ Nbd7 5. f3 Bf5 6. Nc3 a6 7. Ba4 b5 8.
Bb3 Nb6 9. Nge2 Nfxd5 10. Nxd5 Nxd5 11. O-O e6 12. Ng3 Bg6 13. f4 Be7 14. f5
exf5 15. Nxf5 Bxf5 16. Rxf5 Nf6 17. Bg5 O-O 18. Qd3 Nd7 19. Be3 g6 20. Rf2 c5
21. Bd5 cxd4 22. Bh6 Ne5 23. Qe2 Ng4 24. Bxf8 Nxf2 25. Bxe7 1-0

[Event "31è Open International d'Avoine 2016"]
[Site "Avoine"]
[Date "2016.07.23"]
[Round "5.45"]
[White "Guillo, Nicolas"]
[Black "Smith, Matthieu"]
[Result "0-1"]
[WhiteElo "1913"]
[BlackElo "2129"]
[PlyCount "56"]
[EventDate "2016.??.??"]

1. c4 e5 2. g3 Nc6 3. Bg2 f5 4. Nc3 Nf6 5. d3 Bb4 6. Bd2 d6 7. a3 Bxc3 8. Bxc3
O-O 9. b4 Qe8 10. e3 f4 11. gxf4 exf4 12. e4 Qg6 13. Bf3 Ne5 14. Bxe5 dxe5 15.
Ne2 Bh3 16. Rg1 Qf7 17. Qc2 Rfd8 18. Qc3 Qe7 19. O-O-O c6 20. d4 exd4 21. Nxd4
c5 22. bxc5 Qxc5 23. e5 Qxe5 24. Bxb7 Rab8 25. Qxh3 Rxd4 26. Rxd4 Qxd4 27. Qe6+
Kh8 28. Rg5 Qc3+ 0-1

[Event "31è Open International d'Avoine 2016"]
[Site "Avoine"]
[Date "2016.07.23"]
[Round "5.46"]
[White "Vekemans, Sylvain"]
[Black "Fruteau, Sabine"]
[Result "0-1"]
[WhiteElo "1909"]
[BlackElo "2094"]
[PlyCount "66"]
[EventDate "2016.??.??"]

1. c4 e5 2. Nc3 Nf6 3. g3 d5 4. cxd5 Nxd5 5. Bg2 Nb6 6. d3 Be7 7. Be3 O-O 8.
Nf3 Nc6 9. O-O Be6 10. Na4 Bd5 11. Bc5 Nxa4 12. Bxe7 Qxe7 13. Qxa4 f5 14. Qb5
Rad8 15. Qxb7 e4 16. dxe4 fxe4 17. Ne1 Rb8 18. Qa6 Rxb2 19. Nd3 Rb6 20. Qa4
exd3 21. Bxd5+ Kh8 22. Bxc6 dxe2 23. Rfe1 Qc5 24. Bg2 Rxf2 25. Kh1 Rbf6 26. Qe4
Qb5 27. Rab1 Rf1+ 28. Bxf1 exf1=Q+ 29. Rxf1 Rxf1+ 30. Kg2 Rxb1 31. Kh3 a5 32.
Qe7 Qf1+ 33. Kg4 Rb4+ 0-1

[Event "31è Open International d'Avoine 2016"]
[Site "Avoine"]
[Date "2016.07.23"]
[Round "5.47"]
[White "Neau, Julien"]
[Black "Cau, Benjamin"]
[Result "1-0"]
[WhiteElo "1901"]
[BlackElo "2092"]
[PlyCount "73"]
[EventDate "2016.??.??"]

1. d4 d5 2. c4 c6 3. Nf3 Nf6 4. Nc3 dxc4 5. e3 b5 6. a4 b4 7. Nb1 e6 8. Bxc4
Nbd7 9. O-O Bb7 10. Re1 c5 11. b3 Be7 12. Bb2 O-O 13. Nbd2 a5 14. e4 cxd4 15.
e5 Nd5 16. Nxd4 Nc5 17. Qg4 Kh8 18. Ne4 f5 19. exf6 Nxf6 20. Nxf6 Bxf6 21. Rad1
Qb6 22. Bxe6 Nxe6 23. Rxe6 Qc5 24. Rxf6 Rxf6 25. Qxg7+ Kxg7 26. Ne6+ Kg6 27.
Nxc5 Rf7 28. Rd6+ Kf5 29. f3 Rc8 30. Bd4 Rxc5 31. Bxc5 Ke5 32. Rb6 Bd5 33. Rb5
Bxb3 34. Bxb4+ Ke6 35. Rxa5 Rc7 36. Ra6+ Kf5 37. g4+ 1-0

[Event "31è Open International d'Avoine 2016"]
[Site "Avoine"]
[Date "2016.07.23"]
[Round "5.48"]
[White "Ben-Abed, Mehdi"]
[Black "Sere, Philemon"]
[Result "1-0"]
[WhiteElo "2086"]
[BlackElo "1881"]
[PlyCount "39"]
[EventDate "2016.??.??"]

1. Nf3 Nf6 2. d4 g6 3. Nbd2 Bg7 4. e3 O-O 5. Bd3 d6 6. b3 Nbd7 7. Bb2 e5 8. O-O
c5 9. c4 exd4 10. exd4 Ne8 11. Qc2 f5 12. Rfe1 cxd4 13. Nxd4 Nc5 14. Be2 Nf6
15. Bf3 Rb8 16. b4 Ncd7 17. Ne6 Qb6 18. a3 Ng4 19. c5 dxc5 20. Nxg7 1-0

[Event "31è Open International d'Avoine 2016"]
[Site "Avoine"]
[Date "2016.07.23"]
[Round "5.49"]
[White "Harutyunyan, Safar"]
[Black "Burille, Matthieu"]
[Result "1/2-1/2"]
[WhiteElo "1889"]
[BlackElo "2069"]
[PlyCount "62"]
[EventDate "2016.??.??"]

1. d4 Nf6 2. Nf3 e6 3. c3 b6 4. Bg5 Ba6 5. Nbd2 Be7 6. e3 Bxf1 7. Nxf1 d5 8.
Ne5 Nfd7 9. Bxe7 Qxe7 10. Nxd7 Nxd7 11. Ng3 O-O 12. O-O c5 13. f4 f5 14. Qf3 b5
15. a4 b4 16. cxb4 cxd4 17. exd4 Qxb4 18. Qe3 Rfe8 19. b3 Rac8 20. Rac1 Rxc1
21. Rxc1 Nf6 22. Rc8 Kf7 23. Rc7+ Re7 24. Rxe7+ Qxe7 25. Qc3 Ne4 26. Nxe4 fxe4
27. Kf2 Qh4+ 28. Ke3 Qxh2 29. Qc7+ Kf6 30. Qe5+ Kf7 31. Qc7+ Kf6 1/2-1/2

[Event "31è Open International d'Avoine 2016"]
[Site "Avoine"]
[Date "2016.07.23"]
[Round "5.50"]
[White "Grateau, Jean-Noel"]
[Black "Lemasle, Raphael"]
[Result "0-1"]
[WhiteElo "1888"]
[BlackElo "2055"]
[PlyCount "132"]
[EventDate "2016.??.??"]

1. e4 c5 2. Nc3 g6 3. d4 Bg7 4. dxc5 Qa5 5. Qd3 Nc6 6. Be3 b6 7. cxb6 axb6 8.
Nge2 Ba6 9. Qd2 Rc8 10. Nd4 Bxf1 11. Rxf1 Ne5 12. Nb3 Qa6 13. O-O-O d6 14. Bd4
Nc4 15. Qd3 e5 16. Be3 b5 17. Kb1 Ne7 18. Nd5 Nxd5 19. Qxd5 O-O 20. h4 Ra8 21.
Nc1 Rfc8 22. Rd3 b4 23. Rh1 Rab8 24. Rb3 Rb5 25. Qd3 Qa4 26. c3 bxc3 27. Rxb5
Qxb5 28. Qxc3 d5 29. Qb3 Qc6 30. exd5 Qxd5 31. Rd1 Qc6 32. Ne2 Nxe3 33. fxe3
Qxg2 34. Nc3 e4 35. Nd5 Bf8 36. a3 Qh2 37. Nf6+ Kh8 38. Ka2 Rb8 39. Qc4 Bg7 40.
Rd2 Qxh4 41. Qc7 Rf8 42. Nxh7 Qxh7 43. Rh2 Bh6 44. Qe5+ f6 45. Qxe4 Qf7+ 46.
Ka1 Qg7 47. Qh1 Kh7 48. Rc2 Rf7 49. e4 Re7 50. Rh2 Rc7 51. Rd2 Qf8 52. Rh2 Rc5
53. Qd1 Qc8 54. Qb3 Rc1+ 55. Ka2 Qc4 56. Qxc4 Rxc4 57. Re2 f5 58. exf5 gxf5 59.
Kb3 Rc8 60. a4 f4 61. a5 Kg6 62. Ka4 Kf5 63. b4 f3 64. Ra2 Be3 65. a6 f2 66.
Ra1 Bc1 0-1

[Event "31è Open International d'Avoine 2016"]
[Site "Avoine"]
[Date "2016.07.23"]
[Round "7.1"]
[White "Fedorchuk, Sergey A"]
[Black "Devallee, Jeremie"]
[Result "1-0"]
[WhiteElo "2624"]
[BlackElo "2284"]
[PlyCount "181"]
[EventDate "2016.??.??"]

1. e4 c5 2. Nf3 d6 3. d4 cxd4 4. Nxd4 Nf6 5. Nc3 g6 6. Be2 Bg7 7. O-O O-O 8.
Re1 Nc6 9. Nb3 Be6 10. Bf1 Rc8 11. Bg5 Nd7 12. Qd2 Re8 13. Rad1 Nb6 14. Bh6 Bh8
15. f4 Bc4 16. Bd3 Bxd3 17. cxd3 Nd4 18. Nxd4 Bxd4+ 19. Kh1 e6 20. Nb5 Bf6 21.
e5 Be7 22. d4 d5 23. Qf2 a6 24. Nc3 Nc4 25. Rf1 b5 26. Rd3 f5 27. Rg1 Bf8 28.
Bxf8 Rxf8 29. Nd1 Rf7 30. Qe2 Nb6 31. Rh3 Nd7 32. Ne3 Qb6 33. Qd2 Kf8 34. g4
fxg4 35. Rxg4 Ke8 36. Rg1 Nf8 37. Rf3 a5 38. Ng4 Rc4 39. Rd3 Rfc7 40. Nf6+ Kd8
41. Qg2 Rc1 42. Qg5 Rxg1+ 43. Kxg1 Rc1+ 44. Kf2 Kc8 45. Qh6 Nd7 46. Nxd7 Kxd7
47. Qxh7+ Kc8 48. Qxg6 Qc6 49. Rc3 Rxc3 50. bxc3 b4 51. cxb4 axb4 52. Qd3 Qc1
53. Qa6+ Kb8 54. Qb6+ Ka8 55. Qa5+ Kb7 56. Qxb4+ Ka6 57. Qd6+ Kb7 58. Qe7+ Ka8
59. Qe8+ Kb7 60. Qd7+ Kb8 61. Qb5+ Ka8 62. Qa4+ Kb7 63. Qb3+ Kc7 64. Qe3 Qc2+
65. Qe2 Qc3 66. Qd1 Qh3 67. Qd2 Qxh2+ 68. Ke1 Qh1+ 69. Ke2 Kd7 70. Qb4 Qe4+ 71.
Kd1 Qf3+ 72. Kc2 Qe2+ 73. Kb1 Qd1+ 74. Kb2 Qe2+ 75. Ka3 Qd3+ 76. Qb3 Qf5 77.
Qb7+ Kd8 78. Qb6+ Kc8 79. Kb4 Kd7 80. a4 Kc8 81. Ka5 Qh3 82. Qc6+ Kd8 83. Qc5
Qf5 84. Kb6 Qb1+ 85. Kc6 Ke8 86. a5 Qd3 87. Kb6 Kf7 88. a6 Qb3+ 89. Kc7 Kg6 90.
a7 Qa4 91. f5+ 1-0

[Event "31è Open International d'Avoine 2016"]
[Site "Avoine"]
[Date "2016.07.23"]
[Round "7.2"]
[White "Haub, Thorsten Michael"]
[Black "Maiorov, Nikita"]
[Result "0-1"]
[WhiteElo "2363"]
[BlackElo "2541"]
[PlyCount "118"]
[EventDate "2016.??.??"]

1. g3 d5 2. Bg2 c6 3. d3 Bg4 4. Nf3 Nd7 5. O-O e6 6. Qe1 Bc5 7. h3 Bh5 8. Nbd2
Ne7 9. e4 O-O 10. Kh1 Qc7 11. Nh2 e5 12. a4 Rfe8 13. Nb3 Bd6 14. Bd2 f6 15. Ng4
f5 16. exf5 Nxf5 17. Bb4 Bf7 18. Bxd6 Qxd6 19. Qc1 Qg6 20. a5 Nd6 21. d4 e4 22.
Qf4 Nb5 23. Ne3 Be6 24. g4 Re7 25. c3 h5 26. f3 Rf8 27. Qg3 exf3 28. Rxf3 hxg4
29. Rxf8+ Nxf8 30. hxg4 Bc8 31. Re1 Bxg4 32. Nc5 Bh5 33. Qh4 Qe8 34. Nc2 Rxe1+
35. Nxe1 Nd6 36. Ncd3 Be2 37. Qf4 Nc4 38. b4 Qg6 39. Ne5 Qh5+ 40. Kg1 Ne6 41.
Qg3 Nxe5 42. dxe5 Qh6 43. Qh3 Kf7 44. Qxh6 gxh6 45. Nc2 Nf4 46. Nd4 Bc4 47. Bf3
Nd3 48. e6+ Kf6 49. Kh2 c5 50. bxc5 Nxc5 51. e7 Kxe7 52. Nf5+ Kd7 53. Kg3 Na4
54. Kf4 Nxc3 55. Nxh6 Kd6 56. Nf5+ Kc5 57. Ke5 Nb5 58. Bg2 a6 59. Bh1 Na7 0-1

[Event "31è Open International d'Avoine 2016"]
[Site "Avoine"]
[Date "2016.07.23"]
[Round "7.3"]
[White "Braeuning, Rudolf Wilhelm"]
[Black "Inkiov, Ventzislav"]
[Result "1/2-1/2"]
[WhiteElo "2358"]
[BlackElo "2467"]
[PlyCount "126"]
[EventDate "2016.??.??"]

1. e4 c5 2. Nf3 d6 3. d4 cxd4 4. Nxd4 Nf6 5. Nc3 Nc6 6. Bg5 e6 7. Qd2 Be7 8.
O-O-O Nxd4 9. Qxd4 O-O 10. f4 Qa5 11. e5 dxe5 12. Qxe5 Qxe5 13. fxe5 Nd5 14.
Bxe7 Nxe7 15. Bd3 b6 16. Be4 Rb8 17. Rhe1 Ng6 18. Bxg6 hxg6 19. g3 Bb7 20. Rd7
Rfd8 21. Red1 Rxd7 22. Rxd7 b5 23. b4 a6 24. Kb2 g5 25. Ne2 Bd5 26. Nd4 Ra8 27.
a3 Kf8 28. a4 bxa4 29. Rc7 f6 30. exf6 gxf6 31. c4 e5 32. cxd5 exd4 33. Rc4 a5
34. Ka3 axb4+ 35. Rxb4 Ke7 36. Rxd4 Kd6 37. Rd2 Ra5 38. h4 Rxd5 39. Rf2 Ke5 40.
hxg5 fxg5 41. Kxa4 Rd3 42. g4 Rd4+ 43. Kb3 Rxg4 44. Kc3 Rd4 45. Rg2 g4 46. Re2+
Kd5 47. Re8 Re4 48. Rg8 Ke5 49. Kd3 Rf4 50. Ke2 Ke6 51. Ke3 Ra4 52. Kf2 Kf5 53.
Kg3 Ra3+ 54. Kg2 Kf4 55. Rf8+ Kg5 56. Rg8+ Kf5 57. Rf8+ Ke4 58. Re8+ Kf4 59.
Rf8+ Kg5 60. Rg8+ Kh4 61. Rh8+ Kg5 62. Rg8+ Kf5 63. Rf8+ Ke5 1/2-1/2

[Event "31è Open International d'Avoine 2016"]
[Site "Avoine"]
[Date "2016.07.23"]
[Round "7.4"]
[White "Stets, Dmitry"]
[Black "Bonnaud, Remy"]
[Result "1-0"]
[WhiteElo "2416"]
[BlackElo "2237"]
[PlyCount "63"]
[EventDate "2016.??.??"]

1. e4 e5 2. Nf3 Nc6 3. Bb5 Bc5 4. O-O Nd4 5. Nxd4 Bxd4 6. c3 Bb6 7. d4 c6 8.
Ba4 d6 9. Bb3 Nf6 10. Bg5 h6 11. Bh4 g5 12. Bg3 h5 13. f3 h4 14. Bf2 g4 15.
fxg4 h3 16. g3 Nxg4 17. Kh1 Qe7 18. Bg1 Rf8 19. Nd2 Bd7 20. a4 O-O-O 21. a5 Bc7
22. dxe5 Nxe5 23. Bxa7 f5 24. Qe2 fxe4 25. Rxf8 Rxf8 26. Qxe4 d5 27. Qe3 Qh7
28. a6 Ng4 29. axb7+ Kxb7 30. Qe2 Kc8 31. Bc5 Rf7 32. Ra8+ 1-0

[Event "31è Open International d'Avoine 2016"]
[Site "Avoine"]
[Date "2016.07.23"]
[Round "7.5"]
[White "Burri, Quentin"]
[Black "Godart, Francois"]
[Result "1/2-1/2"]
[WhiteElo "2294"]
[BlackElo "2393"]
[PlyCount "61"]
[EventDate "2016.??.??"]

1. e4 c5 2. Nf3 d6 3. d4 cxd4 4. Nxd4 Nf6 5. Nc3 g6 6. Be3 Bg7 7. Be2 O-O 8.
Qd2 Nc6 9. O-O-O Ng4 10. Bxg4 Bxg4 11. f3 Bd7 12. h4 Ne5 13. b3 h5 14. Bh6 Qa5
15. Bxg7 Kxg7 16. Kb1 Rfc8 17. Nd5 Qxd2 18. Rxd2 e6 19. Ne3 Rc3 20. Re1 b5 21.
Nd1 Rc5 22. Nb2 Rac8 23. f4 Ng4 24. Nf3 Bc6 25. Nd3 Rc3 26. Nd4 Nf6 27. Rde2 a6
28. Kb2 Bb7 29. e5 dxe5 30. fxe5 Ng4 31. Rd2 1/2-1/2

[Event "31è Open International d'Avoine 2016"]
[Site "Avoine"]
[Date "2016.07.23"]
[Round "7.6"]
[White "Le Borgne, Pierre"]
[Black "Filip, Lucian"]
[Result "1/2-1/2"]
[WhiteElo "2247"]
[BlackElo "2440"]
[PlyCount "39"]
[EventDate "2016.??.??"]

1. e4 c5 2. Nf3 e6 3. g3 Nc6 4. Bg2 Nf6 5. Qe2 d6 6. O-O Be7 7. c3 O-O 8. d4 d5
9. e5 Ne4 10. Rd1 b6 11. Be3 a5 12. Ne1 Ba6 13. Qg4 Kh8 14. Bxe4 dxe4 15. Qxe4
Bb7 16. Na3 cxd4 17. Bxd4 Qc8 18. Qe3 Nxd4 19. cxd4 Qc6 20. f3 1/2-1/2

[Event "31è Open International d'Avoine 2016"]
[Site "Avoine"]
[Date "2016.07.23"]
[Round "7.7"]
[White "Colin, Vincent"]
[Black "Grigorian, Roudolph"]
[Result "1-0"]
[WhiteElo "2395"]
[BlackElo "2110"]
[PlyCount "55"]
[EventDate "2016.??.??"]

1. d4 d5 2. c4 e6 3. Nc3 Nf6 4. cxd5 exd5 5. Bg5 Be7 6. e3 Nbd7 7. Bd3 c6 8.
Qc2 Nf8 9. O-O-O Ne6 10. h4 g6 11. Kb1 Nxg5 12. hxg5 Nh5 13. Nf3 Bg4 14. Rdg1
Bxf3 15. gxf3 Bxg5 16. f4 Bf6 17. f5 Qd7 18. Be2 Qe7 19. Bxh5 gxh5 20. Rxh5 Kd7
21. Qb3 b6 22. Rgh1 Kc7 23. Rxh7 Rxh7 24. Rxh7 Rg8 25. Qd1 Rg7 26. Qh5 Rg1+ 27.
Kc2 Bg7 28. Qh2+ 1-0

[Event "31è Open International d'Avoine 2016"]
[Site "Avoine"]
[Date "2016.07.23"]
[Round "7.8"]
[White "Lerch, Patrice"]
[Black "Gvanceladze, Anna"]
[Result "1-0"]
[WhiteElo "2392"]
[BlackElo "2179"]
[PlyCount "123"]
[EventDate "2016.??.??"]

1. a3 d5 2. b4 Nf6 3. Bb2 Bf5 4. Nf3 e6 5. Nh4 Bg4 6. h3 Bh5 7. g4 Ne4 8. Nf3
Bg6 9. d3 Nd6 10. Ne5 Nd7 11. Nxg6 hxg6 12. Nd2 c6 13. Qc1 e5 14. c4 Be7 15.
Bg2 Rc8 16. cxd5 cxd5 17. Qd1 d4 18. O-O Bg5 19. a4 Bf4 20. Nc4 Nxc4 21. dxc4
Qb6 22. Qb3 Nc5 23. Qa3 Ne6 24. c5 Qc7 25. e3 dxe3 26. fxe3 Bg5 27. Rad1 a5 28.
Rd6 axb4 29. Rxe6+ fxe6 30. Qd3 Bxe3+ 31. Qxe3 Qxc5 32. Re1 b6 33. Bxe5 Qxe3+
34. Rxe3 Rc1+ 35. Kh2 O-O 36. Kg3 Rfc8 37. Kh4 R8c5 38. Bd6 R5c2 39. Be4 Rc3
40. Re2 b3 41. Bxg6 R1c2 42. Rxe6 Rc8 43. Bxc2 bxc2 44. Bf4 c1=Q 45. Bxc1 Rxc1
46. Rxb6 Ra1 47. Ra6 Ra3 48. g5 Kf7 49. Ra7+ Kg6 50. Kg4 Rc3 51. Ra6+ Kf7 52.
h4 Rc4+ 53. Kh5 Rc7 54. a5 Rc4 55. Rb6 Rc8 56. a6 Rh8+ 57. Kg4 Rc8 58. a7 Rc4+
59. Kh5 Ra4 60. Rb7+ Kg8 61. Rb8+ Kf7 62. g6+ 1-0

[Event "31è Open International d'Avoine 2016"]
[Site "Avoine"]
[Date "2016.07.23"]
[Round "7.9"]
[White "Bouget, Alexandre"]
[Black "Bujisho, Benjamin"]
[Result "1/2-1/2"]
[WhiteElo "2196"]
[BlackElo "2354"]
[PlyCount "39"]
[EventDate "2016.??.??"]

1. d4 d5 2. c4 dxc4 3. Nf3 Nf6 4. e3 e6 5. Bxc4 c5 6. O-O a6 7. Qe2 Nc6 8. Rd1
cxd4 9. exd4 Be7 10. Nc3 O-O 11. d5 exd5 12. Nxd5 Nxd5 13. Bxd5 Qc7 14. Qe4 Bf6
15. Ng5 Bxg5 16. Bxg5 Bd7 17. Bxc6 Bxc6 18. Qd4 f6 19. Be3 Qf7 20. Qf4 1/2-1/2

[Event "31è Open International d'Avoine 2016"]
[Site "Avoine"]
[Date "2016.07.23"]
[Round "7.10"]
[White "Stephan, Victor"]
[Black "Midy, Robin"]
[Result "0-1"]
[WhiteElo "2353"]
[BlackElo "2006"]
[PlyCount "129"]
[EventDate "2016.??.??"]

1. d4 Nf6 2. c4 e6 3. Nc3 Bb4 4. e3 O-O 5. Nge2 c6 6. a3 Ba5 7. Qc2 d5 8. Ng3
Nbd7 9. cxd5 exd5 10. Be2 Re8 11. O-O Bc7 12. b4 Nf8 13. b5 h5 14. bxc6 bxc6
15. Na4 h4 16. Nh1 Ng4 17. Bxg4 Bxg4 18. f3 Qd6 19. f4 Ba5 20. Nf2 Bd7 21. Nc5
Bb6 22. Nfd3 Bf5 23. Qc3 Ne6 24. Na4 Ba5 25. Qxa5 Bxd3 26. Rf2 Bf5 27. Bd2 Nf8
28. Qb4 Qg6 29. Rc1 Nd7 30. Qb7 Nf6 31. Rxc6 Qh5 32. Nc3 Ne4 33. Nxe4 Bxe4 34.
Rc1 h3 35. g3 Reb8 36. Qe7 Rc8 37. Re1 Rc2 38. Qg5 Qxg5 39. fxg5 Rac8 40. g4
Ra2 41. Rc1 Rxc1+ 42. Bxc1 Ra1 43. Rf1 Bd3 44. Rd1 Be2 45. Re1 Ra2 46. Kf2
Bxg4+ 47. Kg3 Rg2+ 48. Kf4 Be6 49. e4 dxe4 50. Kxe4 Rxh2 51. d5 Bd7 52. Bf4 Ra2
53. Ke5 Rxa3 54. Kd6 Bg4 55. Ke7 Rd3 56. d6 a5 57. Re4 Rd5 58. Bg3 Bf5 59. Rf4
g6 60. Rh4 Be6 61. Bf4 Rd4 62. Kf6 a4 63. Ke5 Rc4 64. Rh6 a3 65. Rh4 0-1

[Event "31è Open International d'Avoine 2016"]
[Site "Avoine"]
[Date "2016.07.23"]
[Round "7.11"]
[White "Simon, Daniel"]
[Black "Doluhanova, Evgeniya"]
[Result "0-1"]
[WhiteElo "2060"]
[BlackElo "2269"]
[PlyCount "80"]
[EventDate "2016.??.??"]

1. e4 c5 2. d3 g6 3. f4 Bg7 4. c3 Nc6 5. Be2 d6 6. Nf3 Nf6 7. O-O O-O 8. Qe1 b5
9. Na3 Rb8 10. Nc2 b4 11. cxb4 Nxb4 12. Nxb4 Rxb4 13. Nd2 Ba6 14. Rb1 Rd4 15.
Rf3 Qa5 16. b3 Rb4 17. Bb2 Rb7 18. Qc1 Rfb8 19. Rf2 Bb5 20. Qc2 Qa6 21. Nc4
Bxc4 22. dxc4 Qxa2 23. Bd1 Rxb3 24. e5 Nd7 25. Qc1 R3b4 26. Ra1 Qxc4 27. Bc3
R4b7 28. Bf3 Rb3 29. Rc2 Qb5 30. Qd2 Rb1+ 31. Rxb1 Qxb1+ 32. Rc1 Qb6 33. Kh1
Nf8 34. Be4 dxe5 35. fxe5 Ne6 36. h4 Nd4 37. Qe3 Qe6 38. Bxd4 cxd4 39. Qxd4
Bxe5 40. Qd3 Qg4 0-1

[Event "31è Open International d'Avoine 2016"]
[Site "Avoine"]
[Date "2016.07.23"]
[Round "7.12"]
[White "Bogdanov, Egor"]
[Black "Gac, Jean-Luc"]
[Result "1-0"]
[WhiteElo "2269"]
[BlackElo "1471"]
[PlyCount "44"]
[EventDate "2016.??.??"]

1. e4 e5 2. d4 exd4 3. Nf3 Nc6 4. c3 d6 5. cxd4 Be7 6. Be2 Nf6 7. O-O O-O 8.
Nc3 a6 9. a3 b5 10. d5 Ne5 11. Nd4 Bd7 12. f4 Ng6 13. Nf3 h6 14. Kh1 c5 15. e5
Ne8 16. Bd3 Qc8 17. e6 fxe6 18. Bxg6 exd5 19. Nxd5 Bd8 20. Re1 Be6 21. f5 Bxf5
22. Bxe8 Ba5 1-0

[Event "31è Open International d'Avoine 2016"]
[Site "Avoine"]
[Date "2016.07.23"]
[Round "7.13"]
[White "Bressy, Theo"]
[Black "Belenkaya, Dina"]
[Result "1-0"]
[WhiteElo "2092"]
[BlackElo "2249"]
[PlyCount "113"]
[EventDate "2016.??.??"]

1. e4 c6 2. d4 d5 3. e5 c5 4. dxc5 Nc6 5. Nf3 Bg4 6. c3 e6 7. b4 g6 8. Bb5 Bg7
9. Qa4 Bxf3 10. Bxc6+ bxc6 11. Qxc6+ Kf8 12. gxf3 Bxe5 13. Be3 Ne7 14. Qb7 Nf5
15. f4 Nxe3 16. fxe3 Qh4+ 17. Ke2 Qg4+ 18. Kf2 Bf6 19. Nd2 Bh4+ 20. Kf1 Kg7 21.
h3 Qg3 22. Ke2 Rhb8 23. Qa6 e5 24. Qd6 Qf2+ 25. Kd3 e4+ 26. Kc2 Qxe3 27. Rad1
Rd8 28. Qc7 d4 29. Nb1 d3+ 30. Kb2 Bf6 31. Nd2 Rab8 32. a3 Re8 33. Kb3 Rbc8 34.
Qxa7 Qxf4 35. Nc4 Qf2 36. Rd2 Qf3 37. Rhh2 Red8 38. Rhf2 Qxh3 39. Rxf6 Rd7 40.
Qa6 e3 41. Nxe3 Qxe3 42. Rff2 Re8 43. c6 Rd6 44. Qc4 f5 45. Kb2 Qb6 46. b5 Re4
47. Qb3 Qxf2 48. Rxf2 Re2+ 49. Qc2 Rde6 50. c7 Rxf2 51. Qxf2 Re2+ 52. Kc1 Rxf2
53. c8=Q h5 54. Qd7+ Kh6 55. Qe6 f4 56. b6 h4 57. b7 1-0

[Event "31è Open International d'Avoine 2016"]
[Site "Avoine"]
[Date "2016.07.23"]
[Round "7.14"]
[White "Batteux, Mickael"]
[Black "Djuric, Stefan"]
[Result "0-1"]
[WhiteElo "2063"]
[BlackElo "2420"]
[PlyCount "98"]
[EventDate "2016.??.??"]

1. d4 Nf6 2. Nf3 d6 3. Nc3 Bf5 4. Nh4 Bd7 5. e4 e5 6. Nf3 Nc6 7. Bg5 h6 8. Bxf6
Qxf6 9. Nd5 Qd8 10. Be2 g6 11. dxe5 dxe5 12. O-O Bg7 13. c3 O-O 14. Qd2 Ne7 15.
Rad1 Ba4 16. b3 Nxd5 17. Qxd5 Bc6 18. Qxd8 Rfxd8 19. Nd2 b5 20. Rfe1 a5 21. Nf3
Kf8 22. h4 h5 23. Ng5 Ke7 24. f3 f6 25. Nh3 Bh6 26. c4 Bd2 27. Rf1 Be3+ 28. Nf2
b4 29. Rfe1 a4 30. Rxd8 Rxd8 31. Rd1 axb3 32. axb3 Ra8 33. Kf1 Bb7 34. Nd3 c5
35. Rb1 Bd4 36. Nc1 f5 37. exf5 gxf5 38. Nd3 Kf6 39. Nf2 Ra2 40. Nh3 e4 41. Nf4
Ke5 42. Ng6+ Kd6 43. Nf4 exf3 44. gxf3 Bxf3 45. Bxf3 Rf2+ 46. Ke1 Rxf3 47. Nxh5
Rh3 48. Rd1 Rxh4 49. Ng3 Ke5 0-1

[Event "31è Open International d'Avoine 2016"]
[Site "Avoine"]
[Date "2016.07.23"]
[Round "7.15"]
[White "Dumitrache, Dragos-Nicolae"]
[Black "Fruteau, Sabine"]
[Result "1-0"]
[WhiteElo "2416"]
[BlackElo "2094"]
[PlyCount "81"]
[EventDate "2016.??.??"]

1. d4 Nf6 2. c4 e6 3. Nc3 c5 4. d5 d6 5. e4 exd5 6. cxd5 g6 7. Nf3 Bg7 8. h3
O-O 9. Bd3 Na6 10. O-O Nc7 11. Re1 a6 12. a4 b6 13. Rb1 Nd7 14. Bf4 Ne5 15.
Nxe5 dxe5 16. Bg3 Ne8 17. b4 Nd6 18. Qb3 c4 19. Bxc4 f5 20. exf5 Bxf5 21. Rbc1
Qg5 22. Bf1 h5 23. h4 Qe7 24. Nd1 Bd7 25. Nb2 g5 26. hxg5 Qxg5 27. Rc7 Rf7 28.
Nc4 Bxa4 29. Qxa4 Rxc7 30. Nxd6 h4 31. Bh2 h3 32. Ne4 Qg4 33. d6 Rf7 34. Qb3 b5
35. Qxh3 Qg6 36. Bd3 Rd8 37. Bc2 Kf8 38. Re2 Rfd7 39. Bg3 Qf7 40. Bh4 Rb8 41.
Ng5 1-0